| 000 | 00630nam a2200181 4500 | ||
|---|---|---|---|
| 008 | 100301s1971 caua b 001 0 eng | ||
| 020 | _a0878081062 | ||
| 090 |
_aBV4020 _bC83e |
||
| 100 | 1 | _aCovell, Ralph R. | |
| 245 | 1 | 3 |
_aAn extension seminary primer / _c[by] Ralph R. Covell [and] C. Peter Wagner. |
| 260 |
_aSouth Pasadena, Calif. : _bWilliam Carey Library, _c[1971] |
||
| 300 |
_axi, 140 p. : _bill. ; _c23 cm. |
||
| 504 | _aBibliography: p. 134-138. | ||
| 650 | 4 |
_aTheology _xStudy and teaching. |
|
| 700 | 1 | _aWagner, C. Peter. | |
| 951 |
_p33606 _x00038749 _oBV4020/C83e _j100301152923281 _d2000-12-21 _cGC |
||
| 999 |
_c34079 _d34079 |
||